[Event " NK Senioren 2023"]
[Site "Dieren, Netherlands"]
[Date "2023.07.15"]
[Round "1"]
[White "Jonkman, Fokke"]
[Black "Van Rijn, Anton"]
[Result "0-1"]
[WhiteElo "2005"]
[BlackElo "2243"]
[PlyCount "66"]
[EventDate "2023.??.??"]

1. c4 g6 2. Nc3 Bg7 3. e4 d6 4. d4 e5 5. d5 a5 6. g4 Na6 7. Be2 Bd7 8. h4 Qe7
9. Be3 f5 10. gxf5 gxf5 11. Bh5+ Kd8 12. Bg5 Bf6 13. Qd2 h6 14. Bxf6 Nxf6 15.
Bg6 fxe4 16. Bxe4 Nc5 17. f3 Nh5 18. Nge2 Qf6 19. O-O-O Ke7 20. Rdf1 Raf8 21.
Bc2 b6 22. Nd1 Rhg8 23. Ne3 Ng3 24. Nxg3 Rxg3 25. Bd1 Qf4 26. Be2 e4 27. Rhg1
exf3 28. Nf5+ Rxf5 29. Qxf4 Rxf4 30. Rxg3 fxe2 31. Rg7+ Kd8 32. Rg8+ Be8 33.
Re1 Nd3+ 0-1

[Event " NK Senioren 2023"]
[Site "Dieren, Netherlands"]
[Date "2023.07.15"]
[Round "1"]
[White "Bottema, Tom"]
[Black "Van Wageningen, Arie"]
[Result "1-0"]
[WhiteElo "2197"]
[BlackElo "1988"]
[PlyCount "77"]
[EventDate "2023.??.??"]

1. g3 d5 2. f4 g6 3. Nh3 Bg7 4. Nf2 Nf6 5. Bg2 c5 6. d3 Nc6 7. c3 O-O 8. O-O e5
9. e4 dxe4 10. dxe4 Qxd1 11. Rxd1 Be6 12. Be3 c4 13. Na3 Rfd8 14. Bf1 exf4 15.
gxf4 Rxd1 16. Rxd1 Na5 17. Nb5 a6 18. Nc7 Rc8 19. Nxe6 fxe6 20. Bb6 Nc6 21.
Bxc4 Kh8 22. Bxe6 Re8 23. Bd7 Nxd7 24. Rxd7 Re7 25. Rxe7 Nxe7 26. Bd4 Kg8 27.
Bxg7 Kxg7 28. Nd3 b6 29. Nb4 a5 30. Nd5 Nc8 31. Kf2 Kf7 32. Ke3 Ke6 33. Kd4 h6
34. b4 axb4 35. cxb4 h5 36. a4 Kd6 37. Kc4 Kc6 38. e5 Kb7 39. b5 1-0

[Event " NK Senioren 2023"]
[Site "Dieren, Netherlands"]
[Date "2023.07.15"]
[Round "1"]
[White "Lootsma, Jan"]
[Black "Hoogland, Dirk"]
[Result "1/2-1/2"]
[WhiteElo "1979"]
[BlackElo "2152"]
[PlyCount "132"]
[EventDate "2023.??.??"]

1. e4 c5 2. Nf3 Nc6 3. c3 d6 4. Bc4 Nf6 5. Qe2 Bg4 6. O-O a6 7. Rd1 Ne5 8. Nxe5
dxe5 9. f3 Bd7 10. d4 cxd4 11. cxd4 exd4 12. e5 Ng8 13. Rxd4 e6 14. Be3 Qc7 15.
Nd2 Bc5 16. Re4 Ne7 17. Qf2 Bxe3 18. Rxe3 Nf5 19. Ree1 O-O 20. Bd3 Rac8 21. Nb3
Rfd8 22. h3 Ba4 23. Bxf5 exf5 24. Rac1 Qe7 25. Rxc8 Rxc8 26. Nd4 Bd7 27. f4 Be6
28. a3 h6 29. Rd1 Rc4 30. Kh2 Bc8 31. Rd2 Qc5 32. Rc2 Bd7 33. Rxc4 Qxc4 34. Qd2
Kh7 35. Qf2 Qd3 36. Nf3 Bc6 37. Qd2 Qf1 38. Ne1 Be4 39. Kg3 h5 40. h4 g6 41.
Qf2 Qb5 42. Qd2 Qb3+ 43. Kh2 b6 44. Qd4 a5 45. Qd2 Qc4 46. Qe3 b5 47. Kg3 b4
48. axb4 axb4 49. Nf3 Qc2 50. Qd2 Qb3 51. Kf2 Bxf3 52. gxf3 Qc4 53. Qd7 Qc5+
54. Kg2 Qc2+ 55. Kg3 Qc4 56. Qe7 b3 57. Qf6 Kg8 58. Qd8+ Kg7 59. Qf6+ Kh7 60.
Qe7 Qd5 61. Qd6 Qa5 62. Qf6 Kg8 63. Qe7 Qe1+ 64. Kg2 Qd2+ 65. Kg3 Qxb2 66. Qe8+
Kg7 1/2-1/2

[Event " NK Senioren 2023"]
[Site "Dieren, Netherlands"]
[Date "2023.07.15"]
[Round "1"]
[White "Van Dorp, Folke"]
[Black "Houweling, Bert"]
[Result "1-0"]
[WhiteElo "2142"]
[BlackElo "1976"]
[PlyCount "63"]
[EventDate "2023.??.??"]

1. e4 c5 2. Nc3 Nc6 3. g3 g6 4. Bg2 Bg7 5. d3 d6 6. Nge2 e6 7. O-O Nge7 8. f4
O-O 9. Be3 Nd4 10. Rb1 Nec6 11. a3 Rb8 12. b4 b5 13. e5 dxe5 14. bxc5 exf4 15.
Nxf4 Nf5 16. Bf2 Bxc3 17. Bxc6 Bd4 18. Qf3 a6 19. Ne2 Bxf2+ 20. Qxf2 Qa5 21.
Bg2 e5 22. c3 Be6 23. g4 Ne7 24. Qf6 Qc7 25. d4 Bxg4 26. Ng3 Bf5 27. Rb2 Bd3
28. Re1 e4 29. Bxe4 Bxe4 30. Nxe4 Nd5 31. Qg5 Qd8 32. Qxd5 1-0

[Event " NK Senioren 2023"]
[Site "Dieren, Netherlands"]
[Date "2023.07.15"]
[Round "1"]
[White "Ochtman, Henk"]
[Black "Vogel, Jaap"]
[Result "0-1"]
[WhiteElo "1976"]
[BlackElo "2080"]
[PlyCount "110"]
[EventDate "2023.??.??"]

1. b3 d5 2. Bb2 c5 3. e3 Nc6 4. Bb5 Bd7 5. Nf3 Nf6 6. O-O a6 7. Bxc6 Bxc6 8.
Ne5 Qc7 9. f4 e6 10. d4 Be7 11. Nd2 O-O 12. Rf3 c4 13. Rh3 Rac8 14. c3 cxb3 15.
g4 g6 16. g5 Nd7 17. Qg4 Nxe5 18. fxe5 bxa2 19. Rh6 Kg7 20. Rxa2 Bb5 21. e4 Qd8
22. h4 Bd3 23. Qf3 dxe4 24. Nxe4 Bxe4 25. Qxe4 Qd5 26. Qxd5 exd5 27. Ba3 Bxa3
28. Rxa3 Rc6 29. h5 Rfc8 30. hxg6 Rxg6 31. Rh3 Rxg5+ 32. Kf2 Rc6 33. Ra5 b5 34.
Ke2 f6 35. Re3 fxe5 36. dxe5 Kf7 37. Ra1 Ke6 38. Rh1 h5 39. Kd3 Rc4 40. Ra1 Rc6
41. Rh1 Rxe5 42. Rxe5+ Kxe5 43. Rxh5+ Kd6 44. Rh8 Kc5 45. Ra8 Kb6 46. Rd8 Kc5
47. Ra8 Rh6 48. Rc8+ Kb6 49. Kd4 Rc6 50. Rd8 Ka5 51. Rxd5 Ka4 52. Kd3 Kb3 53.
Kd2 Rxc3 54. Rd6 Rc2+ 55. Kd1 Ra2 0-1

[Event " NK Senioren 2023"]
[Site "Dieren, Netherlands"]
[Date "2023.07.15"]
[Round "1"]
[White "Wilgenhof, Otto"]
[Black "Perrenet, Jacob"]
[Result "1-0"]
[WhiteElo "2080"]
[BlackElo "1975"]
[PlyCount "53"]
[EventDate "2023.??.??"]

1. d4 Nc6 2. Nf3 e5 3. d5 e4 4. Ng5 Ne5 5. Nxe4 f5 6. Ng3 Bc5 7. e4 Nf6 8. Nxf5
O-O 9. Bd3 Nfg4 10. Be3 Bxe3 11. fxe3 g6 12. h3 Nf2 13. Kxf2 d6 14. Rf1 gxf5
15. Kg1 Qg5 16. Qe2 f4 17. exf4 Rxf4 18. Rxf4 Qxf4 19. Nd2 Bxh3 20. gxh3 Kh8
21. Kh1 Qh6 22. Rg1 Qxh3+ 23. Qh2 Qe3 24. Rg2 Rf8 25. Qg3 Qh6+ 26. Kg1 Re8 27.
Qg5 1-0

[Event " NK Senioren 2023"]
[Site "Dieren, Netherlands"]
[Date "2023.07.15"]
[Round "1"]
[White "Ellenbroek, Ton"]
[Black "Van den Dikkenberg, Erik"]
[Result "1/2-1/2"]
[WhiteElo "1965"]
[BlackElo "2070"]
[PlyCount "94"]
[EventDate "2023.??.??"]

1. d4 Nf6 2. c4 g6 3. Nc3 Bg7 4. e4 d6 5. f4 O-O 6. Nf3 c5 7. d5 b5 8. cxb5 a6
9. a4 axb5 10. Bxb5 Bg4 11. O-O Na6 12. e5 Ne8 13. h3 Bxf3 14. Qxf3 Nb4 15.
Bxe8 Qxe8 16. Be3 Nc2 17. Rac1 Nxe3 18. Qxe3 Qb8 19. Qe2 dxe5 20. fxe5 Bxe5 21.
Kh1 Bd6 22. Ne4 Rxa4 23. Nxc5 Ra7 24. Qf2 Qa8 25. Qf3 Bxc5 26. Rxc5 Qb8 27. b3
Rb7 28. Rc3 Rd7 29. Rd3 Qd6 30. Re3 Qc5 31. Rd3 Rd6 32. Rfd1 Rfd8 33. Qe4 Qc7
34. Qc4 Qb7 35. b4 Rc8 36. Qf4 Qb5 37. Qe3 Rc7 38. Qe4 Qb7 39. Rd4 Rcd7 40. Qg4
Rxd5 41. Rxd5 Rxd5 42. Rxd5 Qxd5 43. Qe2 Kf8 44. b5 Ke8 45. b6 Kd7 46. Qa6 Qd1+
47. Kh2 Qd6+ 1/2-1/2

[Event " NK Senioren 2023"]
[Site "Dieren, Netherlands"]
[Date "2023.07.15"]
[Round "1"]
[White "Boersma, Jan"]
[Black "Etmans, Maarten"]
[Result "1-0"]
[WhiteElo "2055"]
[BlackElo "1946"]
[PlyCount "43"]
[EventDate "2023.??.??"]

1. e4 d5 2. exd5 Nf6 3. c4 c6 4. Nc3 cxd5 5. cxd5 Nxd5 6. Nf3 g6 7. Bb5+ Bd7 8.
Qb3 Nxc3 9. Ne5 e6 10. dxc3 Bg7 11. Nxd7 Nxd7 12. Be3 a6 13. Be2 b6 14. Rd1 Qc7
15. Qa4 Ra7 16. O-O O-O 17. Rd2 Nc5 18. Qh4 Raa8 19. Rfd1 e5 20. Qc4 Rfc8 21.
Bg4 Rd8 22. Rd7 1-0

[Event " NK Senioren 2023"]
[Site "Dieren, Netherlands"]
[Date "2023.07.15"]
[Round "1"]
[White "Helmond, Frans"]
[Black "Wijnhoven, Theo"]
[Result "0-1"]
[WhiteElo "1937"]
[BlackElo "2046"]
[PlyCount "121"]
[EventDate "2023.??.??"]

1. e4 c6 2. Nc3 d5 3. Nf3 dxe4 4. Nxe4 Nf6 5. Qe2 Qd5 6. Nxf6+ gxf6 7. c4 Qd6
8. d4 Bg4 9. Bd2 Nd7 10. O-O-O O-O-O 11. Be3 e6 12. d5 exd5 13. cxd5 Ne5 14.
Qc2 Kb8 15. Qa4 c5 16. Be2 Bd7 17. Qh4 Be7 18. Bf4 Ka8 19. Rhe1 Rde8 20. Bf1
Qb6 21. Nxe5 fxe5 22. Bg5 f6 23. Be3 Qa5 24. Kb1 Bf5+ 25. Ka1 Bc2 26. Bd2 Qb6
27. Rc1 Bg6 28. Qa4 Bf7 29. Bc4 Qd6 30. Re3 Rd8 31. Ra3 Qb8 32. Ba5 Rd6 33. b4
Be8 34. Qb3 cxb4 35. Bxb4 Rb6 36. d6 Bxd6 37. Bxd6 Qxd6 38. Rd1 Qc7 39. Qd3 Bg6
40. Qd5 Rc6 41. Bb3 Rc1+ 42. Kb2 Bf7 43. Qd3 Rc8 44. Ra4 Rxd1 45. Qxd1 Qc3+ 46.
Ka3 Qc5+ 47. Kb2 Qxf2+ 48. Ka3 Bxb3 49. axb3 a6 50. Qd5 Qc5+ 51. Qxc5 Rxc5 52.
Rh4 Rc7 53. Kb4 Kb8 54. Rh6 Rf7 55. Kc5 Kc7 56. Kd5 Kd7 57. b4 Ke7 58. g4 Kf8
59. g5 Kg7 60. Rh3 fxg5 61. Kxe5 0-1

[Event " NK Senioren 2023"]
[Site "Dieren, Netherlands"]
[Date "2023.07.15"]
[Round "1"]
[White "Bloemhard, Rudy"]
[Black "Van Dijk, Bram"]
[Result "1/2-1/2"]
[WhiteElo "2020"]
[BlackElo "1914"]
[PlyCount "110"]
[EventDate "2023.??.??"]

1. e4 g6 2. d4 Bg7 3. Nf3 d6 4. h3 c5 5. d5 a6 6. a4 b6 7. Be2 Nd7 8. O-O Ngf6
9. Nc3 O-O 10. Bf4 Rb8 11. Bh2 Ne8 12. Re1 Nc7 13. Qd2 b5 14. a5 b4 15. Nd1 Nb5
16. c3 bxc3 17. bxc3 Qc7 18. Bc4 Bb7 19. Qe3 Ne5 20. Nxe5 dxe5 21. Nb2 Nd6 22.
Qe2 Bc8 23. Reb1 f5 24. exf5 Bxf5 25. Bd3 Nb5 26. Bxf5 gxf5 27. Na4 f4 28. Qc4
Qd6 29. Re1 Kh8 30. Qxc5 Rfc8 31. Qxd6 exd6 32. Rac1 Rc4 33. Nb6 Rxc3 34. Rxc3
Nxc3 35. Kf1 Rf8 36. f3 Kg8 37. Bg1 Re8 38. Bd4 e4 39. Bxc3 Bxc3 40. Rxe4 Rxe4
41. fxe4 Bxa5 42. Nc4 Bb4 43. Ke2 Kf7 44. Kd3 Kf6 45. Nb6 Kg5 46. Ke2 a5 47.
Kf3 h5 48. h4+ Kxh4 49. Kxf4 Bd2+ 50. Kf3 Kg5 51. Nc4 Bb4 52. g3 a4 53. e5 dxe5
54. d6 Kf6 55. Nb6 Bxd6 1/2-1/2

[Event " NK Senioren en Veteranen 2023"]
[Site "Dieren, Netherlands"]
[Date "2023.07.16"]
[Round "2"]
[White "Van Rijn, Anton"]
[Black "Wilgenhof, Otto"]
[Result "0-1"]
[WhiteElo "2243"]
[BlackElo "2080"]
[PlyCount "128"]
[EventDate "2023.??.??"]

1. d4 a6 2. g3 Nf6 3. Bg2 e6 4. c4 c5 5. Nf3 cxd4 6. O-O Nc6 7. Nxd4 Bc5 8. Nb3
Be7 9. Nc3 Ne5 10. c5 Qc7 11. Na4 Rb8 12. Bf4 Nh5 13. Bd2 Nc4 14. Rc1 Nxd2 15.
Qxd2 O-O 16. Rfd1 Rd8 17. Qa5 Qxa5 18. Nxa5 Nf6 19. Nb6 Ne8 20. a3 d5 21. c6
bxc6 22. Nxc8 Rbxc8 23. Nxc6 Bg5 24. f4 Bf6 25. Nxd8 Rxd8 26. Rc2 Nd6 27. e4
Nc4 28. Rd3 Nxb2 29. Rb3 Bd4+ 30. Kh1 Nd1 31. Rd2 Nf2+ 32. Kg1 Nd3+ 33. Kf1 Nc5
34. Rb1 Bc3 35. Rdd1 d4 36. Kf2 Kf8 37. Kf3 Ke7 38. Bf1 Kd6 39. e5+ Kd5 40. Rb6
Ba5 41. Rd6+ Rxd6 42. exd6 Bc3 43. d7 Nxd7 44. Bxa6 Nc5 45. Bb5 f6 46. Be8 e5
47. Bf7+ Kd6 48. fxe5+ fxe5 49. Bg8 e4+ 50. Kf4 h6 51. Bc4 e3 52. h4 Bd2 53.
Kf3 d3 54. Bxd3 Nxd3 55. Rb1 Nc1 56. a4 e2 57. Rxc1 e1=Q 58. Rxe1 Bxe1 59. Kg4
Ke5 60. Kh5 Kf5 61. g4+ Kf6 62. g5+ hxg5 63. hxg5+ Kf5 64. g6 Kf4 0-1

[Event "NK Senioren en Veteranen 2023"]
[Site "?"]
[Date "2023.07.16"]
[Round "2"]
[White "Jaap Vogel"]
[Black "Tom Bottema"]
[Result "1/2-1/2"]
[WhiteElo "2080"]
[BlackElo "2197"]
[PlyCount "?"]
[EventDate "2023.??.??"]

1. d4 g6 2. Nf3 Bg7 3. g3 d5 4. Bg2 Nf6 5. O-O O-O 6. Bf4 c5 7. c3 cxd4 8. cxd4 
Nc6 9. Nc3 Ne4 10. Rc1 Bg4 11. Be3 Nxc3 12. Rxc3 Bxf3 13. Bxf3 e5 14. Rc5 exd4 
15. Bc1 Qb6 16. Rxd5 Rad8 17. Qa4 Rxd5 18. Bxd5 Re8 19. Bc4 Qc5 20. Bf4 Qf5 21. 
Rc1 Be5 22. Bd3 Qh3 23. Rxc6 bxc6 24. Bxe5 Rxe5 25. Qxd4 Rd5 26. Qxa7 Rh5 27. 
Qa8+ Kg7 28. Qxc6 Qxh2+ 29. Kf1 Qh1+ 30. Qxh1 Rxh1+ 31. Kg2 Ra1 32. Bc4 Rb1 33. 
b3 f5 34. a4 Ra1 35. Kf3 Kf6 36. e4 h5 37. exf5 Kxf5 38. Ke3 g5 39. Bd3+ Ke5 40. 
f4+ gxf4+ 41. gxf4+ Kd6 42. Kf3 Rg1 43. Kf2 Rg7 44. a5 h4 45. a6 h3 46. Be4 Kc5 
47. f5 Kb6 48. Bb7 h2 49. f6 Rh7 50. Kg3 h1=Q 51. Bxh1 Rxh1 52. Kg4 Kxa6 53. Kg5 
Kb6 54. f7 Rf1 55. Kg6 1/2-1/2

[Event " NK Senioren en Veteranen 2023"]
[Site "Dieren, Netherlands"]
[Date "2023.07.16"]
[Round "2"]
[White "Hoogland, Dirk"]
[Black "Boersma, Jan"]
[Result "1/2-1/2"]
[WhiteElo "2152"]
[BlackElo "2055"]
[PlyCount "40"]
[EventDate "2023.??.??"]

1. c4 g6 2. Nc3 Bg7 3. g3 d6 4. Bg2 Nf6 5. Nf3 c5 6. d4 O-O 7. O-O Nc6 8. d5
Na5 9. Qd3 a6 10. e4 b5 11. Nd2 Ng4 12. Qe2 bxc4 13. h3 Ne5 14. f4 Nd3 15. Nxc4
Nxc1 16. Raxc1 Nxc4 17. Qxc4 Rb8 18. b3 Qa5 19. Rc2 Bd7 20. Rf3 Bb5 1/2-1/2

[Event " NK Senioren en Veteranen 2023"]
[Site "Dieren, Netherlands"]
[Date "2023.07.16"]
[Round "2"]
[White "Van den Dikkenberg, Erik"]
[Black "Bloemhard, Rudy"]
[Result "1/2-1/2"]
[WhiteElo "2070"]
[BlackElo "2020"]
[PlyCount "96"]
[EventDate "2023.??.??"]

1. e4 e5 2. Nf3 Nc6 3. Nc3 Nf6 4. d4 exd4 5. Nd5 Be7 6. Nxd4 Nxd5 7. exd5 Nxd4
8. Qxd4 Bf6 9. Qe4+ Qe7 10. Qxe7+ Bxe7 11. Bf4 d6 12. O-O-O O-O 13. Bd3 Bd7 14.
h4 Rfe8 15. h5 h6 16. g4 Bg5 17. Bxg5 hxg5 18. Rhg1 Re5 19. c4 Kf8 20. Kd2 b5
21. b3 bxc4 22. bxc4 Rb8 23. Kc3 c6 24. dxc6 Bxc6 25. Bf5 Ke7 26. Rge1 f6 27.
Rb1 Rxb1 28. Rxb1 Re2 29. Rb8 Rxf2 30. Rc8 Be8 31. Rc7+ Kf8 32. Rxa7 Bxh5 33.
Ra8+ Ke7 34. Ra7+ Kf8 35. a4 g6 36. Be6 Bxg4 37. Bxg4 f5 38. Rd7 fxg4 39. Rxd6
g3 40. Rd1 Ke7 41. a5 g2 42. Rg1 Kd6 43. a6 Kc6 44. Kd4 g4 45. Ke3 g3 46. c5 g5
47. Kd4 g4 48. Ke4 Kxc5 1/2-1/2

[Event " NK Senioren en Veteranen 2023"]
[Site "Dieren, Netherlands"]
[Date "2023.07.16"]
[Round "2"]
[White "Van Dijk, Bram"]
[Black "Lootsma, Jan"]
[Result "0-1"]
[WhiteElo "1914"]
[BlackElo "1979"]
[PlyCount "94"]
[EventDate "2023.??.??"]

1. Nf3 e6 2. g3 d5 3. Bg2 c5 4. c4 Nf6 5. O-O Be7 6. b3 O-O 7. Bb2 b6 8. d4 Bb7
9. cxd5 exd5 10. Nc3 Nc6 11. e3 Qd7 12. Rc1 Rfd8 13. Qc2 cxd4 14. exd4 Rac8 15.
Rfd1 h6 16. a3 Bd6 17. b4 Bb8 18. Qb3 Qf5 19. Qa2 Ne7 20. Re1 Ne4 21. Nxe4 Rxc1
22. Bxc1 dxe4 23. Nh4 Qh7 24. Qe2 f5 25. Nf3 Ng6 26. Nd2 Rxd4 27. Bb2 Rd8 28.
Qc4+ Bd5 29. Qb5 Be5 30. Nc4 Bxb2 31. Nxb2 Ne7 32. Rd1 Qg6 33. Nc4 Qe6 34. Ne3
Kf7 35. Bf1 Bc6 36. Rxd8 Bxb5 37. Bxb5 Kg6 38. Ng2 Kh7 39. Nf4 Qb3 40. Rd7 Ng6
41. Nxg6 Kxg6 42. Rxa7 e3 43. fxe3 Qxe3+ 44. Kg2 Qe4+ 45. Kh3 f4 46. a4 f3 47.
Ra6 Kg5 0-1

[Event " NK Senioren en Veteranen 2023"]
[Site "Dieren, Netherlands"]
[Date "2023.07.16"]
[Round "2"]
[White "Van Wageningen, Arie"]
[Black "Ellenbroek, Ton"]
[Result "0-1"]
[WhiteElo "1988"]
[BlackElo "1965"]
[PlyCount "76"]
[EventDate "2023.??.??"]

1. Nf3 d6 2. d4 g6 3. g3 Bg7 4. c4 e5 5. Nc3 exd4 6. Nxd4 Nc6 7. Nxc6 bxc6 8.
Bg2 Ne7 9. Bg5 O-O 10. O-O Rb8 11. Qd2 f6 12. Bf4 Nf5 13. h4 g5 14. hxg5 fxg5
15. Bxg5 Qe8 16. Rad1 Nd4 17. b3 c5 18. Be3 Qh5 19. Bxd4 cxd4 20. Nb5 c5 21.
Nxd6 Bg4 22. Rde1 Rb6 23. Ne4 Rh6 24. f4 Re8 25. Kf2 Rhe6 26. Rh1 Qf5 27. Ng5
Rxe2+ 28. Rxe2 Rxe2+ 29. Qxe2 Bxe2 30. Bd5+ Kf8 31. Kxe2 Qg4+ 32. Kf2 d3 33.
Ne6+ Ke7 34. Re1 d2 35. Re4 d1=Q 36. Nxg7+ Kd8 37. Re8+ Kc7 38. Ne6+ Kd6 0-1

[Event " NK Senioren en Veteranen 2023"]
[Site "Dieren, Netherlands"]
[Date "2023.07.16"]
[Round "2"]
[White "Perrenet, Jacob"]
[Black "Jonkman, Fokke"]
[Result "1/2-1/2"]
[WhiteElo "1975"]
[BlackElo "2005"]
[PlyCount "130"]
[EventDate "2023.??.??"]

1. g4 e5 2. Bg2 Ne7 3. d4 Ng6 4. Nc3 d6 5. dxe5 dxe5 6. Qxd8+ Kxd8 7. Be3 c6 8.
O-O-O+ Kc7 9. g5 Nh4 10. Bf1 Nf5 11. Bd2 Nd6 12. f4 e4 13. f5 Bxf5 14. Bf4 Na6
15. e3 Nc5 16. Bc4 Ne6 17. Bxe6 fxe6 18. Nge2 Rd8 19. Ng3 Kc8 20. Rd2 Be7 21.
h4 Nc4 22. Rf2 Bc5 23. Re1 Bb4 24. Ref1 Bxc3 25. bxc3 g6 (25... Rd5) 26. Re1
Rd5 27. Nf1 Rhd8 28. a4 Ra5 29. Nd2 Nxd2 30. Rxd2 Rxd2 31. Kxd2 Rxa4 32. Rb1 a5
33. Be5 Rc4 34. Rb6 Rc5 35. Bd4 Rb5 36. c4 Rxb6 37. Bxb6 a4 38. Kc3 Bg4 39. Kb4
Bd1 40. Kxa4 Bxc2+ 41. Kb4 e5 42. Kc5 Kd7 43. Ba5 Bd3 44. Bb6 Be2 45. Kb4 Ke6
46. Bc7 b5 47. cxb5 cxb5 48. Kc5 Bc4 49. Bb8 Kf5 50. Bd6 Ke6 51. Bc7 Bd3 52.
Bb8 Kf5 53. Bc7 Kg4 54. Bxe5 Kxh4 55. Bf4 Kg4 56. Kb4 Kf3 57. Kb3 Ke2 58. Kc3
Kd1 59. Be5 Ke2 60. Bf4 Kf3 61. Kb4 Kg4 62. Kc5 Kf5 63. Kb4 Ke6 64. Kc5 Bc4 65.
Bc7 Kf5 1/2-1/2

[Event " NK Senioren en Veteranen 2023"]
[Site "Dieren, Netherlands"]
[Date "2023.07.16"]
[Round "2"]
[White "Houweling, Bert"]
[Black "Helmond, Frans"]
[Result "1-0"]
[WhiteElo "1976"]
[BlackElo "1937"]
[PlyCount "99"]
[EventDate "2023.??.??"]

1. e4 c5 2. Nf3 a6 3. c4 Nc6 4. d4 cxd4 5. Nxd4 e5 6. Nc2 Nf6 7. Nc3 Bc5 8. Be2
d6 9. O-O O-O 10. Kh1 Re8 11. f4 h6 12. f5 Bd7 13. Bd3 Nd4 14. Ne3 b5 15. cxb5
axb5 16. Ncd5 Bc6 17. Nxf6+ Qxf6 18. Ng4 Qh4 19. g3 Qh3 20. Ne3 Ra7 21. Rf2
Nxf5 22. Rxf5 Bxe3 23. Bxe3 Qxf5 24. Bxa7 Bxe4+ 25. Bxe4 Qxe4+ 26. Kg1 d5 27.
a4 bxa4 28. Qxa4 Qxa4 29. Rxa4 d4 30. Kf2 Rc8 31. b4 Rc2+ 32. Kf3 f5 33. b5 Rb2
34. b6 g5 35. g4 e4+ 36. Kg3 f4+ 37. Kh3 d3 38. Rxe4 d2 39. Rd4 Kf7 40. Rxd2
Rxd2 41. b7 Rb2 42. b8=Q Rxb8 43. Bxb8 Kg6 44. Kg2 Kf6 45. Kf3 Ke6 46. Ke4 Kf6
47. Be5+ Kg6 48. Bd4 h5 49. h3 hxg4 50. hxg4 1-0

[Event " NK Senioren en Veteranen 2023"]
[Site "Dieren, Netherlands"]
[Date "2023.07.16"]
[Round "2"]
[White "Etmans, Maarten"]
[Black "Ochtman, Henk"]
[Result "0-1"]
[WhiteElo "1946"]
[BlackElo "1976"]
[PlyCount "149"]
[EventDate "2023.??.??"]

1. e4 c6 2. d4 g6 3. Nf3 Bg7 4. Nc3 d5 5. Be2 dxe4 6. Nxe4 Nh6 7. c3 Bf5 8. Ng3
Bg4 9. h3 Bxf3 10. Bxf3 Qc7 11. Be3 f6 12. O-O Nd7 13. Re1 O-O 14. Bxh6 Bxh6
15. Rxe7 Rf7 16. Qb3 Raf8 17. Rae1 Kg7 18. Bg4 f5 19. Bxf5 Qf4 20. Qxb7 Nb6 21.
Qxc6 Bg5 22. R7e2 Rxf5 23. Nxf5+ Qxf5 24. Qe4 Qf7 25. Qe5+ Bf6 26. Qe6 Qb7 27.
Qe4 Qc7 28. Qg4 Nd5 29. Re8 Rf7 30. Rc8 Qb7 31. Rc5 Be7 32. Rxd5 Qxd5 33. b3
Qa5 34. Qg3 Qxa2 35. c4 Bd6 36. Qe3 Re7 37. Qc3 Rxe1+ 38. Qxe1 Qxb3 39. c5 Bc7
40. Qa1 Kg8 41. g3 a5 42. Qe1 Kf7 43. Qe4 Qe6 44. Qb7 Qe7 45. Qc6 Bd8 46. d5 a4
47. Qxa4 Qxc5 48. Qe4 Qe7 49. Qf4+ Qf6 50. Qh6 Bb6 51. Qd2 Ke7 52. Qb4+ Kd8 53.
Qd2 Kd7 54. Kg2 Kd6 55. h4 Qd4 56. Qe2 Qxd5+ 57. Kg1 Qe5 58. Qf3 Ke7 59. Qb7+
Bc7 60. Qb4+ Kf7 61. Qb7 Kg7 62. Kg2 Kh6 63. Qc6 Bd6 64. Qc1+ Kg7 65. Qc6 Bc5
66. Qd7+ Qe7 67. Qd5 h5 68. Qf3 Qf6 69. Qe2 Qc6+ 70. Kh2 Qd5 71. Kg1 Kf6 72.
Kh2 Bd4 73. Kg1 Kf5 74. Kh2 Qe4 75. Kg1 0-1

[Event " NK Senioren en Veteranen 2023"]
[Site "Dieren, Netherlands"]
[Date "2023.07.17"]
[Round "3"]
[White "Van Dorp, Folke"]
[WhiteElo "2142"]
[Black "Wilgenhof, Otto"]
[BlackElo "2080"]
[Result "0-1"]

1. e4 e6 2. d4 d5 3. Nc3 Nf6 4. Bg5 Be7 5. e5 Nfd7 6. Bxe7 Qxe7 7. Nb5 Nb6 8. c3 a6 9. Na3 O-O 10. f4 c5 11. Nf3 Nc6 12. Nc2 cxd4 13. Ncxd4 Bd7 14. Bd3 Nxd4 15. Nxd4 f6 16. O-O fxe5 17. fxe5 Rxf1+ 18.Qxf1 Na4 19.Qe2 Nc5 20.Rf1 Rf8 21.Rxf8+ Qxf8 22.g3 Qd8 23.Bc2 Qg5 24.b4 Ne4 25.Nf3 Qc1+ 26.Kg2 Nxc3 27.Qd3 Ne4 28.Nd4 Qe1 29.a3 Qf2+ 30.Kh1 g6 31.Qd1 Nd2 32.Qg1 Qxg1+ 33.Kxg1 Nc4 34.Nf3 Nxa3 35.Bd3 Bb5 36.Bxb5 Nxb5 37.Ng5 Nc7 38.Kf2 h6 39.Nh3 b6 40.Ke3 Kf7 41.Nf4 Nb5 42.h4 Na7 43.Nd3 Nc6 44.Kf4 a5 45.bxa5 bxa5 46.Nc5 Ke7 47.g4 Kf7 48.Na4 Ke8 49.Nc5 Ke7 50.Na4 Nd8 51.Ke3 Kd7 52.Nc3 Kc6 53.Kd4 Kb6 54.Na4+ Kb5 55.Nc3+ Kb4 56.Nxd5+ exd5 57.g5 hxg5 58.hxg5 Ne6+

[Event " NK Senioren en Veteranen 2023"]
[Site "Dieren, Netherlands"]
[Date "2023.07.17"]
[Round "3"]
[White "Bottema, Tom"]
[WhiteElo "2197"]
[Black "Boersma, Jan"]
[BlackElo "2055"]
[Result "1-0"]

1. g3 g6 2. f4 d5 3. Nh3 Bg7 4. Nf2 c5 5. Bg2 Nc6 6. c3 Nf6 7. d3 O-O 8. O-O e5 
9. e4 dxe4 10. dxe4 Qxd1 11. Rxd1 Ng4 12. Nxg4 Bxg4 13. Re1 Rad8 14. Be3 b6 15. 
Na3 Bc8 16. Nb5 h5 17. f5 h4 18. Nc7 hxg3 19. hxg3 Na5 20. Nd5 Rxd5 21. exd5 
Bxf5 22. b3 Nb7 23. Rad1 Nd6 24. Bg5 Re8 25. Bf3 e4 26. Bf4 Bxc3 27. Bxd6 Bxe1 
28. Rxe1 Rd8 29. Be7 Rd7 30. Bf6 Rd6 31. Bc3 Rxd5 32. Bxe4 Bxe4 33. Rxe4 f5 34. 
Re7 Rd3 35. Be1 b5 36. Rxa7 c4 37. bxc4 bxc4 38. Kf2 g5 39. Ra5 g4 40. Rxf5 Ra3 
41. Ra5 Rf3+ 42. Ke2 Kf7 43. Ra4

[Event " NK Senioren en Veteranen 2023"]
[Site "Dieren, Netherlands"]
[Date "2023.07.17"]
[Round "3"]
[White "Ellenbroek, Ton"]
[Black "Vogel, Jaap"]
[Result "0-1"]
[WhiteElo "1965"]
[BlackElo "2080"]
[PlyCount "86"]
[EventDate "2023.??.??"]

1. d4 e6 2. Bf4 c5 3. e3 Nf6 4. Nf3 b6 5. c4 cxd4 6. Nxd4 Bb4+ 7. Nc3 O-O 8.
Ndb5 Na6 9. Be2 Bb7 10. O-O Ne8 11. a3 Be7 12. b4 d6 13. Bf3 Qd7 14. Bxb7 Qxb7
15. Qf3 Qxf3 16. gxf3 g5 17. Bg3 f5 18. f4 g4 19. f3 h5 20. fxg4 hxg4 21. Rac1
Nac7 22. h3 gxh3 23. Kh2 Kf7 24. Kxh3 Nxb5 25. Nxb5 Nf6 26. Kg2 Rg8 27. Kf3 Ne4
28. Be1 Bf6 29. Nc3 Bxc3 30. Bxc3 Rg3+ 31. Ke2 Rg2+ 32. Kd3 Rag8 33. Rc2 Rxc2
34. Kxc2 Rg2+ 35. Kb3 Rd2 36. Bd4 Rxd4 37. exd4 Nd2+ 38. Ka4 Nxf1 39. Kb5 Ne3
40. c5 dxc5 41. dxc5 Nd5 42. Ka6 bxc5 43. bxc5 e5 0-1

[Event " NK Senioren en Veteranen 2023"]
[Site "Dieren, Netherlands"]
[Date "2023.07.17"]
[Round "3"]
[White "Lootsma, Jan"]
[WhiteElo "1979"]
[Black "Van Rijn, Anton"]
[BlackElo "2243"]
[PlyCount "126"]
[EventDate "2023.??.??"]
[Result "0-1"]

1. e4 d6 2. d4 Nf6 3. Bd3 e5 4. c3 d5 5. exd5 Qxd5 6. dxe5 Qxe5+ 7. Qe2 Nc6 8.
Nf3 Qxe2+ 9. Bxe2 Bc5 10. O-O O-O 11. Bf4 Bb6 12. Nbd2 Re8 13. Bc4 Nh5 14. Bg3
Nxg3 15. hxg3 Bd7 16. Rfe1 h6 17. b4 a6 18. a4 Kf8 19. Kf1 Rad8 20. a5 Ba7 21.
Rxe8+ Rxe8 22. Re1 Rxe1+ 23. Kxe1 Ke7 24. Ke2 Nd8 25. Ne5 Be8 26. f4 c5 27. Nd3
cxb4 28. Nxb4 Nc6 29. Nb3 f6 30. g4 Kd6 31. g3 Bd7 32. Kf3 Bc5 33. Nd3 Bg1 34.
Kg2 Ba7 35. Kf3 Ne7 36. Nb4 Ba4 37. Nd4 Bd1+ 38. Be2 Bxd4 39. cxd4 Bxe2+ 40.
Kxe2 Nc6 41. Nxc6 Kxc6 42. Ke3 b5 43. axb6 Kxb6 44. Ke4 Kc6 45. Kf5 Kd5 46. Kg6
a5 47. Kxg7 a4 48. Kxf6 a3 49. g5 hxg5 50. fxg5 a2 51. g6 a1=Q 52. g7 Qxd4+ 53.
Kf7 Qf2+ 54. Ke7 Qxg3 55. Kf7 Qf4+ 56. Ke7 Qg5+ 57. Kf7 Qf5+ 58. Ke7 Qg6 59.
Kf8 Qf6+ 60. Kg8 Ke6 61. Kh7 Qh4+ 62. Kg8 Kf6 63. Kf8 Qh6 0-1

[Event " NK Senioren en Veteranen 2023"]
[Site "Dieren, Netherlands"]
[Date "2023.07.17"]
[Round "3"]
[White "Bloemhard, Rudy"]
[Black "Hoogland, Dirk"]
[Result "0-1"]
[WhiteElo "2020"]
[BlackElo "2152"]
[PlyCount "46"]
[EventDate "2023.??.??"]

1. e4 c5 2. Nf3 Nc6 3. d4 cxd4 4. Nxd4 e5 5. Nb5 d6 6. a4 Be6 7. N1c3 a6 8. Na3
Rc8 9. Be2 Be7 10. O-O Nf6 11. Bg5 O-O 12. Bxf6 Bxf6 13. Nd5 Nd4 14. Nxf6+ Qxf6
15. c3 Nxe2+ 16. Qxe2 d5 17. exd5 Bxd5 18. c4 Bc6 19. b3 Qg5 20. f3 Rcd8 21.
Rad1 Rxd1 22. Rxd1 e4 23. fxe4 Qc5+ 0-1